书目信息 |
| 题名: |
史前生命
|
|
| 作者: | 杨天林 著 | |
| 分册: | ||
| 出版信息: | 银川 宁夏人民出版社 2009.04 |
|
| 页数: | 258页 | |
| 开本: | 21cm | |
| 丛书名: | ||
| 单 册: | ||
| 中图分类: | I267 | |
| 科图分类: | ||
| 主题词: | 散文--san wen--中国--现代--作品集 | |
| 电子资源: | ||
| ISBN: | 978-7-227-04144-3 | |
| 000 | 00767nam0 2200229 450 | |
| 001 | 012009208454 | |
| 005 | 20100412110810.04 | |
| 010 | @a978-7-227-04144-3@dCNY27.00 | |
| 100 | @a20100411d2009 em y0chiy0120 ea | |
| 101 | 0 | @achi |
| 102 | @aCN@b630000 | |
| 105 | @ay z 000cy | |
| 106 | @ar | |
| 200 | 1 | @a史前生命@Ashi qian sheng ming@f杨天林著@Fyang tian lin zhu |
| 210 | @a银川@c宁夏人民出版社@d2009.04 | |
| 215 | @a258页@d21cm | |
| 330 | @a本书主要内容包括宇宙图景、时间的深度、从物质到生命、地质的诗篇、石头的记忆、漫漫长夜、阳光明媚的古生代、生命繁荣的中生代、消逝的辉煌等。 | |
| 606 | 0 | @a散文@Asan wen@y中国@z现代@j作品集 |
| 690 | @aI267@v4 | |
| 701 | 0 | @a杨天林@Ayang tian lin@4著 |
| 801 | 0 | @aCN@bQSSK@c20100412 |
| 905 | @b777080-82@dI267@eY283@f3 | |
| 史前生命/杨天林著.-银川:宁夏人民出版社,2009.04 |
| 258页;21cm |
| ISBN 978-7-227-04144-3:CNY27.00 |
| 本书主要内容包括宇宙图景、时间的深度、从物质到生命、地质的诗篇、石头的记忆、漫漫长夜、阳光明媚的古生代、生命繁荣的中生代、消逝的辉煌等。 |
| ● |
| 相关链接 |
|
|
|
正题名:史前生命
索取号:I267/Y283
 
预约/预借
| 序号 | 登录号 | 条形码 | 馆藏地/架位号 | 状态 | 备注 |
| 1 | 777080 | 207770802 | 社科二线422/422社科库 31排4列4层/ [索取号:I267/Y283] | 在馆 | |
| 2 | 777081 | 207770811 | 文学库116/116文学库 7排6列3层/ [索取号:I267/Y283] | 在馆 | |
| 3 | 777082 | 207770820 | 文学库116/116文学库 7排6列3层/ [索取号:I267/Y283] | 在馆 |